5HLuxD.jpg

KING HENRY VIII SENIOR AND PRIMARY SCHOOL LIBRARY OPAC

Pearson Edexcel International AS / A Level Economics : (Record no. 5158)

000 -LEADER
fixed length control field 01760nam a22002297a 4500
003 - CONTROL NUMBER IDENTIFIER
control field OSt
005 - DATE AND TIME OF LATEST TRANSACTION
control field 20250806111357.0
008 - FIXED-LENGTH DATA ELEMENTS--GENERAL INFORMATION
fixed length control field 250806b ||||| |||| 00| 0 eng d
020 ## - INTERNATIONAL STANDARD BOOK NUMBER
International Standard Book Number 9781292239194
040 ## - CATALOGING SOURCE
Transcribing agency KH8
082 ## - DEWEY DECIMAL CLASSIFICATION NUMBER
Classification number 330 HEW
100 ## - MAIN ENTRY--PERSONAL NAME
Personal name Hewison, Alan,
Relator term author.
245 ## - TITLE STATEMENT
Title Pearson Edexcel International AS / A Level Economics :
Remainder of title Student Book 1 /
Statement of responsibility, etc. Alan Hewison and Tracey Joad.
260 ## - PUBLICATION, DISTRIBUTION, ETC.
Place of publication, distribution, etc. London ;
Name of publisher, distributor, etc. Pearson Education Limited ,
Date of publication, distribution, etc. 2018.
300 ## - PHYSICAL DESCRIPTION
Extent 320 pages :
Other physical details color illustrations ;
Dimensions 28 cm.
490 ## - SERIES STATEMENT
Series statement Pearson Edexcel International AS / A Level Economics
Volume/sequential designation Book 1
520 ## - SUMMARY, ETC.
Summary, etc. Developed for the new International A Level specification, these new resources are specifically designed for international students, with a strong focus on progression, recognition and transferable skills, allowing learning in a local context to a global standard. Recognised by universities worldwide and fully comparable to UK reformed GCE A levels. Supports a modular approach , in line with the specification. Appropriate international content puts learning in a real-world context, to a global standard , making it engaging and relevant for all learners. Reviewed by a language specialist to ensure materials are written in a clear and accessible style. The embedded transferable skills, needed for progression to higher education and employment, are signposted so students understand what skills they are developing and therefore go on to use these skills more effectively in the future. Exam practice provides opportunities to assess understanding and progress , so students can make the best progress they can.
650 ## - SUBJECT ADDED ENTRY--TOPICAL TERM
Topical term or geographic name entry element Exam practice
Form subdivision Economics
650 ## - SUBJECT ADDED ENTRY--TOPICAL TERM
Topical term or geographic name entry element Guided book
Form subdivision Economics
700 ## - ADDED ENTRY--PERSONAL NAME
Personal name Joad, Tracey,
Relator term author.
942 ## - ADDED ENTRY ELEMENTS (KOHA)
Source of classification or shelving scheme
Koha item type Teaching Resources
Holdings
Withdrawn status Lost status Source of classification or shelving scheme Damaged status Not for loan Collection code Permanent Location Current Location Shelving location Date acquired Full call number Barcode Date last seen Copy number Price effective from Koha item type Total Checkouts Date last checked out Date due
          Teaching Resources KH8 Senior School Library KH8 Senior School Library Staff Office 2025-08-06 330 HEW TRKHSL006382 2025-08-06 1 2025-08-06 Teaching Resources      
          Teaching Resources KH8 Senior School Library KH8 Senior School Library Staff Office 2025-08-06 330 HEW TRKHSL006383 2025-08-06 2 2025-08-06 Teaching Resources      
          Teaching Resources KH8 Senior School Library KH8 Senior School Library Staff Office 2025-08-06 330 HEW TRKHSL006384 2025-08-06 3 2025-08-06 Teaching Resources      
          Teaching Resources KH8 Senior School Library KH8 Senior School Library Staff Office 2025-08-06 330 HEW TRKHSL006385 2025-12-02 4 2025-08-06 Teaching Resources 1 2025-09-19  
          Teaching Resources KH8 Senior School Library KH8 Senior School Library Staff Office 2025-08-06 330 HEW TRKHSL006386 2025-08-27 5 2025-08-06 Teaching Resources 1 2025-08-27 2026-07-03
          Teaching Resources KH8 Senior School Library KH8 Senior School Library Staff Office 2025-08-06 330 HEW TRKHSL006387 2025-08-06 6 2025-08-06 Teaching Resources      
          Teaching Resources KH8 Senior School Library KH8 Senior School Library Staff Office 2025-08-06 330 HEW TRKHSL006388 2025-08-06 7 2025-08-06 Teaching Resources      
          Teaching Resources KH8 Senior School Library KH8 Senior School Library Staff Office 2025-08-06 330 HEW TRKHSL006389 2025-08-06 8 2025-08-06 Teaching Resources      
          Teaching Resources KH8 Senior School Library KH8 Senior School Library Staff Office 2025-08-06 330 HEW TRKHSL006390 2025-08-06 9 2025-08-06 Teaching Resources      
          Teaching Resources KH8 Senior School Library KH8 Senior School Library Staff Office 2025-08-06 330 HEW TRKHSL006391 2025-08-19 10 2025-08-06 Teaching Resources 1 2025-08-19 2026-07-19

Powered By KH8 IT Dept